000 00355nam a2200133Ia 4500
008 210210b1982 xxu||||| |||| 00| 0 eng d
082 _a820.33 NANA
100 _aNANDAKUMAR (Prema).
245 _aAtom and the serpent.
260 _aN D
_bAffiliated East-West Prees Pvt. Ltd.
_c1982
300 _a304
690 _aIndian English Fiction
906 _a039140
999 _c89489
_d89489